| 000 | 00000nam##2200000za#4500 |
| 001 | 9.644356 |
| 003 | CaOODSP |
| 005 | 20250506145324 |
| 007 | cr ||||||||||| |
| 008 | 150407|1991||||xxc|||||o f|0| 0 fre|d |
| 040 | |aCaOODSP|bfre |
| 043 | |an-cn--- |
| 086 | 1 |aA53-1868/1991F-PDF |
| 110 | 1 |aCanada.|bAgriculture Canada. |
| 245 | 10|aPédo-paysages du Canada : |h[ressource électronique]|bguide de l'utilisateur / |c[par] J.A. Shields ... [et al.] |
| 260 | |aOttawa - Ontario : |bAgriculture Canada |c1991. |
| 300 | |a84p.|bfigures, références |
| 500 | |aPublication historique numérisée par Agriculture et Agroalimentaire Canada. |
| 590 | |a15-05-Supp|b2015-03-31 |
| 720 | 1 |aShields, J. A. |
| 775 | 08|tSoil landscapes of Canada : |w(CaOODSP)9.700472 |
| 776 | 0#|tPédo-paysages du Canada : |w(CaOODSP)9.678820 |
| 856 | 40|ahttp://publications.gc.ca|qPDF|s4392 Ko|uhttps://publications.gc.ca/collections/collection_2015/aac-aafc/A53-1868-1991-fra.pdf |
| 986 | |aCentre de recherche sur les terres. Contribution, 88-29; Publication 1868/F |